| 000 | 01037nam a2200313 i 4500 | ||
|---|---|---|---|
| 003 | CO-BoRNBP | ||
| 005 | 20220317000608.0 | ||
| 007 | ta | ||
| 008 | 200326s2000 ck gr 000 0 spa d | ||
| 020 | _a9588052815 | ||
| 040 |
_aCO-BoRNBP _bspa _erda _cCO-BoRNBP |
||
| 041 | 0 | _aspa | |
| 084 | _aN ZAP2 | ||
| 100 | 1 |
_aZapata Olivella, Manuel _d1920-2004 _eautor |
|
| 245 | 0 |
_aPasión vagabunda _cManuel Zapata Olivella ; prólogo de Germán Espinosa |
|
| 264 | 1 |
_aBogotá, Colombia _bMinisterio de Cultura _c2000 |
|
| 300 |
_axxi, 411 páginas _c23 cm |
||
| 336 |
_atexto _btxt _2rdacontent |
||
| 337 |
_asin mediación _bn _2rdamedia |
||
| 338 |
_avolumen _bnc _2rdacarrier |
||
| 650 | 1 | 7 |
_aAutores colombianos _2ARMARC |
| 650 | 1 | 7 |
_aNovela colombiana _ySiglo XX _2ARMARC |
| 650 | 1 | 7 |
_aLiteratura colombiana _ySiglo XX _2ARMARC |
| 650 | 1 | 7 |
_aDiscriminación racial _vNovela _2ARMARC |
| 650 | 1 | 7 |
_aProblemas sociales _vNovela _2ARMARC |
| 700 | 1 |
_aEspinosa, Germán _eprologuista _9206268 |
|
| 740 | _aHe visto la noche | ||
| 942 |
_2loc _cBKLIT |
||
| 999 |
_c4511 _d4511 |
||